Les plus grandes îles du monde - Mort subite - Statistiques

Statistiques générales
  • Ce quiz a été pris 219 fois
  • Le résultat moyen est 3 sur 10
Answers on the Grid
Answers color-coded by a green-red scale on the quiz's grid according to % correct below.
Groenland
Nouvelle-Guinée
Bornéo
Madagascar
5 Île de Baffin
Sumatra
Honshū
Île Victoria
Grande-Bretagne
Île d'Ellesmere
Célèbes
Île du Sud
Java
Île du Nord
Luçon
Terre-Neuve
Cuba
Islande
Mindanao
Irlande
Hokkaidō
 
Statistiques - réponses
Réponse % Correct
Madagascar
62%
Groenland
59%
Grande-Bretagne
54%
Nouvelle-Guinée
24%
Bornéo
23%
Sumatra
16%
5 Île de Baffin
9%
Honshū
8%
Île Victoria
7%
Île d'Ellesmere
5%
Aucun quiz correspondant
Distribution des résultats
% des personnes avec chaque résultat
Percentile par nombre de réponses
Votre historique - résultats
Vous n’avez pas pris ce quiz